000 00789nas a2200265 4500
001 BR0807560
003 BR-BrBNA
005 20231205112707.0
007 ta
008 230509b bl.|||p| |||| 00| 00por d
040 _aBR-BrBNA
_bpor
_cBiblioteca Nacional de Agricultura
041 _a(En)
072 _aF60
100 1 _aSuárez, N.
100 1 _aMedina, E.
245 1 _aSalinity effects on leaf ion composition and salt secretion rate in Avicennia germinans (L.)L.
650 _aPLANTA
650 _aBIOLOGIA VEGETAL
650 _aFOLHA
650 _aSAL
650 _aDANO
773 0 _tBrazilian Journal of Plant Physiology (Brazil)
_xISSN 1677-0420
_g(Apr-Jun 2008), v. 20(2) p. 131-140
_wBR0807560
909 _a202311
_bLúcia
_c55
_dLúcia Elande
942 _2AGRIS
_n0
_cANA
999 _c199414
_d199414